Detalles MARC
| 000 -LIDER |
| fixed length control field |
01473nam a2200325 a 4500 |
| 001 - NÚMERO DE CONTROL |
| Identificador de número de control |
00003867 |
| 003 - IDENTIFICACDOR DE NÚMERO DE CONTROL |
| control field |
DO-SdBNP |
| 005 - DATE AND TIME OF LATEST TRANSACTION |
| control field |
20180306092341.0 |
| 007 - CAMPOS FIJOS DE DESCRIPCIÓN FÍSICA |
| fixed length control field |
00003867 |
| 008 - ELEMENTOS DE LONGITUD FIJA |
| fixed length control field |
110712s2014 dr ac 000 0 spa d |
| 020 ## - ISBN |
| International Standard Book Number |
9789945495488 |
| 040 ## - FUENTE DE CATALOGACIÓN |
| Agencia que crea de manera original el registro |
BPMSU |
| Idioma de catalogación |
spa |
| Agencia que realiza la transcripción |
BPMSU |
| 092 ## - LOCALLY ASSIGNED DEWEY DECIMAL CALL NUMBER |
| Número de clasificación |
xxxx |
| Número de ítem (Cutter) |
xxxx |
| 100 1# - ASIENTO PRINCIPAL -- NOMBRE PERSONAL |
| Nombre personal |
Rodríguez Rijo, Basilia |
| 245 10 - MENCIÓN DE TITULO |
| Título |
Lengua española 8 : |
| Subtítulo |
educación básica / |
| Mención de responsabilidad |
Basilia Rodríguez Rijo, Olimpia Sánchez Rodríguez ; producción editorial María del Jesús de la Rosa ; ilustración Henry Cid. |
| 260 ## - PUBLICACIÓN, DISTRIBUCIÓN, ETC. (PIE DE IMPRENTA) |
| Lugar de publicación, distribución, etc |
Santo Domingo : |
| Nombre del editor, distribuidor, etc. |
Actualidad Escolar, |
| Fecha de publicación, distribución, etc |
2014. |
| 300 ## - DESCRIPCIÓN FÍSICA |
| Extensión |
2v. : |
| Otros detalles físicos |
il., retrs. ; |
| Dimensiones |
28 cm. |
| 500 ## - NOTA GENERAL |
| Nota general |
Edición revisada y actualizada al 2014 |
| 500 ## - NOTA GENERAL |
| Nota general |
Incluye el libro del maestro. |
| 500 ## - NOTA GENERAL |
| Nota general |
Octavo grado, sengudo ciclo educación básica |
| 504 ## - NOTA DE BIBLIOGRAFÍA, ETC. |
| Bibliography, etc |
Bibliografía : p. 190 |
| 505 0# - NOTA DE CONTENIDO |
| Información miscelánea |
Unidad 1 -- |
| Título |
El reportaje periodístico -- |
| Información miscelánea |
Unidad 2 -- |
| Título |
Textos informativos -- |
| Información miscelánea |
Unidad 3 -- |
| Título |
El relato -- |
| Información miscelánea |
Unidad 4 -- |
| Título |
Textos instructivos -- |
| Información miscelánea |
Unidad 5 -- |
| Título |
Texto informativo argumentativo -- |
| Información miscelánea |
Unidad 6 -- |
| Título |
El reportaje -- |
| Información miscelánea |
Unidad 7 -- |
| Título |
Textos expositivos -- |
| Información miscelánea |
Unidad 8 -- |
| Título |
La novela -- |
| Información miscelánea |
Unidad 9 -- |
| Título |
La poesía -- |
| 700 12 - ASIENTO SECUNDARIO -- NOMBRE PERSONAL |
| Nombre personal |
Cid, Henry, |
| Mención de responsabilidad |
il. |
| 700 12 - ASIENTO SECUNDARIO -- NOMBRE PERSONAL |
| Nombre personal |
Rosa, María del Jesús de la, |
| Mención de responsabilidad |
ed. |
| 700 12 - ASIENTO SECUNDARIO -- NOMBRE PERSONAL |
| Nombre personal |
Sánchez Rodríguez, Olimpia |
| 942 ## - ADDED ENTRY ELEMENTS (KOHA) |
| Source of classification or shelving scheme |
Dewey Decimal Classification |
| Koha item type |
Libros |
| 945 ## - INFORMACIÓN DE PROCESAMIENTO LOCAL |
| Información de procesamiento local |
Remanejado para la BNPHU / 2018 VM |
| 956 ## - LOCAL ELECTRONIC LOCATION AND ACCESS (OCLC) |
| Nombre de host |
VMATEO |
| Número de acceso |
10 |
| Información de compresión |
20150812 |
| Inicio de sesión |
BPMSU |
| Procesador de solicitud |
00151 |
| 956 ## - LOCAL ELECTRONIC LOCATION AND ACCESS (OCLC) |
| Nombre de host |
LOPEREZ |
| Número de acceso |
10 |
| Información de compresión |
20160414 |
| Inicio de sesión |
BPMSU |
| Procesador de solicitud |
00041 |